Monuments de France - Statistiques

Statistiques générales
  • Ce quiz a été pris 1 438 fois
  • Le résultat moyen est 9 sur 16
Statistiques - réponses
Par images Réponse % Correct
Tour Eiffel
99%
Musée du Louvre
91%
Mont Saint-Michel
90%
Arc de Triomphe
87%
Château de Versailles
72%
Notre-Dame de Paris
71%
Château de Chambord
70%
Arènes de Nîmes
65%
Pont du Gard
56%
Notre-Dame de Reims
52%
Cité de Carcassonne
45%
Notre-Dame de la Garde
40%
Château d'Angers
22%
Palais des Papes
22%
Fontaine de la Rotonde
2%
Fort du Mont Alban
1%
Aucun quiz correspondant
Distribution des résultats
% des personnes avec chaque résultat
Percentile par nombre de réponses
Votre historique - résultats
Vous n’avez pas pris ce quiz